Biggest sources of immigrants to South Carolina - Statistics

General Stats
  • This quiz has been taken 21 times
  • The average score is 8 of 10
Answer Stats
Hint Answer % Correct
11,699 Germany
100%
57,036 Mexico
93%
8,724 United Kingdom
93%
5,400 Brazil
86%
11,980 Colombia
86%
9,028 Canada
79%
7,363 China
79%
24,297 India
79%
6,637 Jamaica
79%
10,863 Philippines
71%
No matching quizzes found
Score Distribution
Percent of People with Each Score
Percentile by Number Answered
Your Score History
You have not taken this quiz